Statistics for Car Craze #1

Click here to take the quiz!

General Stats

  • This quiz has been taken 5 times
  • The average score is 6 of 10

Answer Stats

HintAnswer% Correct
JeskoKoenigsegg
100%
SupraToyota
100%
M4 GT3BMW
75%
F12TDFFerrari
75%
Reventon RoadsterLamborghini
75%
AMG ONEMercedes-Benz
75%
812 SuperfastFerrari
50%
SpeedtailMcLaren
25%
MistralBugatti
0%
OnyxPeugeot
0%

Score Distribution

Percentile by Number Answered

Percent of People with Each Score

Your Score History

You have not taken this quiz